000
00202 a2200097 4500
001
5393
100
_a
Coulson,JM
245
_a
Chemical engineering
260
_a
_b
Eng Language
_c
090
_c
4429
_d
4429
942
_a
NUST-CAE
_c
M
_c
30744
999
_c
240466
_d
240466